000 00655nam a22001937a 4500
999 _c169561
_d169561
005 20191122170803.0
010 _aUR-10610
020 _c300.00
_a9789389002782
035 _aU-9165
037 _bDBAD/PUB
_a-
082 _aن
100 _aظفر عد يم
245 _aپہا ڑ يا ں بو ل ا ٹھيں(جا سو سی نا و ل )
_cظفر عد يم
246 _bPahardiyaan Bol Utheen (Novel) (Urdu)
_aby Zafar Adeem
260 _aDelhi
_bEducational Publishing House
_c2019 ء
270 _a3191,Vakil Street, Kucha Pandit,Lal Kuan,
_bDelhi
_e110006
_k01123216162
_l-
300 _a175 ص
_c22 Cm(Hb)
942 _2ddc
_cUR
_hن
_mظ ف ر